[Event "St Petersburg Korchnoi Memorial op"]
[Site "St Petersburg"]
[Date "2024.08.22"]
[Round "9"]
[White "Grigorov, Vladislav"]
[Black "Gerchikov, Matvey"]
[Result "1/2-1/2"]
[WhiteElo "1499"]
[BlackElo "1668"]
[PlyCount "108"]
[EventDate "2024.08.17"]
[EventType "swiss"]
[EventRounds "9"]
[EventCountry "RUS"]
[SourceTitle "EXT 2025"]
[Source "ChessBase"]
[SourceDate "2024.10.14"]
[SourceVersion "1"]
[SourceVersionDate "2024.10.14"]
[SourceQuality "1"]

1. e4 c5 2. Nf3 d6 3. d4 cxd4 4. Nxd4 Nf6 5. Nc3 a6 6. Bg5 Nbd7 7. f4 h6 8. Bh4 g6 9. Qf3 Bg7 10. 0-0-0 0-0 11. Bxf6 Nxf6 12. f5 Qc7 13. Be2 b5 14. Nd5 Nxd5 15. exd5 Bxd4 16. Rxd4 Bxf5 17. Bd3 Qc5 18. Rh4 Bxd3 19. Qxd3 Qf2 20. Rg4 Kg7 21. Rf1 Qc5 22. h4 h5 23. Rg5 Rg8 24. Qe4 Qc4 25. Qxc4 bxc4 26. Rf4 Rgc8 27. Rg3 Rab8 28. Re4 Rb7 29. Ra3 Kf6 30. Rf3+ Kg7 31. Ra3 Rb5 32. Rxa6 Rc7 33. Rc6 Rcb7 34. Rcxc4 Rxb2 35. a4 Rb1+ 36. Kd2 f5 37. Re3 Rg1 38. g3 Ra1 39. Rb3 Ra7 40. Re3 Kf7 41. Re1 R1xa4 42. Rxa4 Rxa4 43. Kd3 Rg4 44. Re3 f4 45. Rf3 Rxg3 46. Ke4 Rxf3 47. Kxf3 Kf6 48. Kxf4 g5+ 49. hxg5+ Kg6 50. c4 h4 51. Kg4 h3 52. Kxh3 Kxg5 53. Kg3 Kf5 54. Kf3 Ke5 1/2-1/2

[Event "St Petersburg Korchnoi Memorial op"]
[Site "St Petersburg"]
[Date "2024.08.19"]
[Round "5"]
[White "Nefedov, Mikhail"]
[Black "Gerchikov, Matvey"]
[Result "1-0"]
[WhiteElo "1533"]
[BlackElo "1668"]
[PlyCount "73"]
[EventDate "2024.08.17"]
[EventType "swiss"]
[EventRounds "9"]
[EventCountry "RUS"]
[SourceTitle "EXT 2025"]
[Source "ChessBase"]
[SourceDate "2024.10.14"]
[SourceVersion "1"]
[SourceVersionDate "2024.10.14"]
[SourceQuality "1"]

1. e4 c5 2. Nf3 d6 3. d4 cxd4 4. Nxd4 Nf6 5. Nc3 a6 6. Be3 e5 7. Nb3 Be6 8. Qd2 Nbd7 9. 0-0-0 Rc8 10. f4 b5 11. f5 Bc4 12. Kb1 Be7 13. Rg1 Ng4 14. h3 Nxe3 15. Qxe3 0-0 16. g4 Bxf1 17. Rdxf1 Nb6 18. g5 f6 19. h4 Qc7 20. gxf6 Bxf6 21. Rf2 b4 22. Nd5 Nxd5 23. exd5 a5 24. h5 a4 25. Nc1 a3 26. h6 axb2 27. Nb3 Qc3 28. Qe2 Ra8 29. hxg7 Rf7 30. Qh5 Rxg7 31. Rxg7+ Bxg7 32. Rf1 Qc4 33. Rh1 Qa6 34. Qxh7+ Kf8 35. Kxb2 Qxa2+ 36. Kc1 Rc8 37. f6 1-0